000
00315 a2200133 4500
005
20250506113927.0
020
_a
978-0-241-27584-9
082
_a
823.92 SAU
100
_a
SAUMA, L.
245
_a
Flesh and Bone and Water
260
_a
Australia,
_b
Viking,
_c
2017.
300
_a
235p.,
_c
22cm.
942
_2
ddc
_c
BKS
999
_c
2009
_d
2009